000 00466nam a2200157 a 4500
001 34818
005 20180714003023.0
008 140415s1979 sp 000 0 spa d
041 _aspa
082 _a780.92
_bGRA
245 0 4 _aLOS GRANDES MAESTROS DE LA MUSICA CLASICA :
_bSEGUNDA SERIE 1 RIMSKI-KORSAKOV
250 _a1a ed.
260 _aESPAÑA :
_bPROMOCIONES EDITORIALES MEXICANAS,
_c1979
300 _a286
650 1 4 _aCOMPOSITORES
_xMUSICOS
999 _c34818
_d34818